[Event "BLR-ch (Women)"]
[Site "Minsk"]
[Date "2010.01.21"]
[Round "8"]
[White "Belko, Irina"]
[Black "Homiakova, Ekaterina"]
[Result "1/2-1/2"]
[WhiteElo "2057"]
[BlackElo "2102"]
[PlyCount "110"]
[EventDate "2010.01.14"]
[EventType "tourn"]
[EventRounds "9"]
[EventCountry "BLR"]
[SourceTitle "CBM 134 Extra"]
[Source "ChessBase"]
[SourceDate "2010.03.03"]
[SourceVersion "1"]
[SourceVersionDate "2010.03.03"]
[SourceQuality "1"]

1. d4 Nf6 2. Nf3 c5 3. c3 e6 4. Bg5 d5 5. e3 Nc6 6. Ne5 Be7 7. Nd2 Nxe5 8. dxe5 Nd7 9. Bf4 0-0 10. Bd3 f5 11. h4 b5 12. g4 d4 13. cxd4 cxd4 14. exd4 Nc5 15. dxc5 Qxd3 16. gxf5 Rxf5 17. Be3 Bb7 18. Rg1 Bxh4 19. Qb3 Qxb3 20. Nxb3 Rxe5 21. 0-0-0 Bd5 22. Bd4 Rg5 23. f4 Rxg1 24. Rxg1 g6 25. Kc2 Rc8 26. Kc3 Bd8 27. Kb4 a6 28. Be5 Kf7 29. Nd4 h5 30. a4 bxa4 31. Ra1 Be7 32. Rc1 h4 33. Rc3 Bf6 34. Bxf6 Kxf6 35. Kxa4 Rh8 36. Ne2 h3 37. c6 h2 38. Ng3 h1Q 39. Nxh1 Bxh1 40. c7 Bb7 41. Ka5 Kf5 42. Kb6 Bc8 43. Rd3 Kf6 44. Rd8 Kg7 45. Ka7 e5 46. fxe5 Rf8 47. Kb8 Be6 48. c8Q Bxc8 49. Kxc8 Rf5 50. Rd7+ Kf8 51. e6 Re5 52. Rf7+ Ke8 53. Rf6 g5 54. Rg6 Ke7 55. Kc7 Rc5+ 1/2-1/2

[Event "BLR-ch (Women)"]
[Site "Minsk"]
[Date "2010.01.20"]
[Round "7"]
[White "Kasperovich, Ekaterina"]
[Black "Belko, Irina"]
[Result "1-0"]
[WhiteElo "2101"]
[BlackElo "2057"]
[PlyCount "101"]
[EventDate "2010.01.14"]
[EventType "tourn"]
[EventRounds "9"]
[EventCountry "BLR"]
[SourceTitle "CBM 134 Extra"]
[Source "ChessBase"]
[SourceDate "2010.03.03"]
[SourceVersion "1"]
[SourceVersionDate "2010.03.03"]
[SourceQuality "1"]

1. d4 d5 2. c4 e6 3. Nc3 Nf6 4. Bg5 Be7 5. e3 0-0 6. Nf3 h6 7. Bh4 b6 8. Be2 Bb7 9. 0-0 Nbd7 10. h3 c5 11. Bg3 a6 12. Ne5 Nxe5 13. Bxe5 Bd6 14. Bxf6 Qxf6 15. Bf3 Rfd8 16. cxd5 cxd4 17. Ne4 Qe7 18. Nxd6 Rxd6 19. Qxd4 Qg5 20. h4 Qd8 21. Rfd1 exd5 22. Rac1 Qd7 23. Rc3 Rc8 24. Rxc8+ Qxc8 25. e4 Rc6 26. Qxd5 Rc1 27. Qd2 Rxd1+ 28. Qxd1 Qe6 29. Qd8+ Kh7 30. a3 b5 31. Qd4 Kg8 32. Kh2 Qg6 33. Qe5 Kh7 34. Bh5 Qxe4 35. Qxe4+ Bxe4 36. Bxf7 g6 37. b4 Kg7 38. Be8 Kf6 39. Bd7 Bb7 40. f4 h5 41. Bh3 Ke7 42. g3 Kd6 43. Kg1 Be4 44. Kf2 Bf5 45. Bg2 Bc8 46. Ke3 Bf5 47. Kd4 Be6 48. Bb7 Kc7 49. Ke5 Bf5 50. Bf3 Kd7 51. Bxh5 1-0

[Event "BLR-ch (Women) 52nd"]
[Site "Minsk"]
[Date "2008.03.20"]
[Round "11"]
[White "Belko, Irina"]
[Black "Stetsko, Lanita"]
[Result "0-1"]
[WhiteElo "2080"]
[BlackElo "1990"]
[PlyCount "70"]
[EventDate "2008.03.10"]
[EventType "swiss"]
[EventRounds "11"]
[EventCountry "BLR"]
[SourceTitle "CBM 123 Extra"]
[Source "ChessBase"]
[SourceDate "2008.05.06"]
[SourceVersion "1"]
[SourceVersionDate "2008.05.06"]
[SourceQuality "1"]

1. d4 g6 2. e4 Bg7 3. Nf3 c5 4. Nc3 cxd4 5. Nxd4 Nc6 6. Be3 Nf6 7. f3 0-0 8. Nb3 d6 9. Qd2 Be6 10. 0-0-0 Ne5 11. Bh6 a6 12. h4 Nh5 13. Nd4 Bc4 14. Bxg7 Kxg7 15. Qf2 Bxf1 16. Rdxf1 Nc4 17. g4 Nf4 18. Nb3 Qb6 19. Qh2 e5 20. h5 g5 21. h6+ Kg8 22. Qf2 Qb4 23. Nd5 Nxd5 24. exd5 a5 25. c3 Qb5 26. f4 gxf4 27. Qh4 f6 28. g5 Qxd5 29. gxf6 Kf7 30. Rhg1 Rg8 31. Rg7+ Rxg7 32. hxg7 Qg2 33. Rf2 Qg1+ 34. Kc2 Ne3+ 35. Kd3 Qb1+ 0-1

[Event "BLR-ch (Women) 52nd"]
[Site "Minsk"]
[Date "2008.03.17"]
[Round "8"]
[White "Kovaleva, Ekaterina"]
[Black "Belko, Irina"]
[Result "0-1"]
[WhiteElo "2151"]
[BlackElo "2080"]
[PlyCount "92"]
[EventDate "2008.03.10"]
[EventType "swiss"]
[EventRounds "11"]
[EventCountry "BLR"]
[SourceTitle "CBM 123 Extra"]
[Source "ChessBase"]
[SourceDate "2008.05.06"]
[SourceVersion "1"]
[SourceVersionDate "2008.05.06"]
[SourceQuality "1"]

1. d4 d5 2. c4 e6 3. Nc3 Nf6 4. Bg5 Be7 5. e3 0-0 6. Nf3 h6 7. Bh4 b6 8. Be2 Bb7 9. Bxf6 Bxf6 10. cxd5 exd5 11. Rc1 c5 12. dxc5 bxc5 13. 0-0 d4 14. Na4 dxe3 15. Nxc5 exf2+ 16. Rxf2 Bd5 17. b3 Bc6 18. Qxd8 Rxd8 19. Rff1 Nd7 20. Nxd7 Bxd7 21. Rc7 Be6 22. Bc4 Bxc4 23. Rxc4 Rd7 24. Rfc1 Rad8 25. Ra4 g6 26. Rc6 Kg7 27. h3 Rd1+ 28. Kh2 R8d7 29. Rac4 Ra1 30. a4 Rb1 31. Rc7 Rdd1 32. Rxa7 h5 33. h4 Rh1+ 34. Kg3 Rxb3 35. Re4 Ra1 36. Kh2 Rbb1 37. a5 Rh1+ 38. Kg3 Ra3 39. a6 Rc1 40. Kh2 Bd8 41. Re1 Bc7+ 42. Kh1 Rxe1+ 43. Nxe1 Bg3 44. Re7 Rxa6 45. Kg1 Ra1 46. Kf1 Bxh4 0-1

[Event "BLR-ch (Women) 52nd"]
[Site "Minsk"]
[Date "2008.03.11"]
[Round "2"]
[White "Belko, Irina"]
[Black "Popova, Natalija"]
[Result "1/2-1/2"]
[WhiteElo "2080"]
[BlackElo "2252"]
[PlyCount "106"]
[EventDate "2008.03.10"]
[EventType "swiss"]
[EventRounds "11"]
[EventCountry "BLR"]
[SourceTitle "CBM 123 Extra"]
[Source "ChessBase"]
[SourceDate "2008.05.06"]
[SourceVersion "1"]
[SourceVersionDate "2008.05.06"]
[SourceQuality "1"]

1. d4 Nf6 2. Nf3 d5 3. e3 Bf5 4. Bd3 Bxd3 5. Qxd3 Nbd7 6. 0-0 e6 7. b3 c5 8. Bb2 Qc7 9. Nbd2 Be7 10. c4 0-0 11. Rac1 Rfd8 12. cxd5 Nxd5 13. dxc5 Nxc5 14. Qc2 Qd7 15. Ne5 Qe8 16. a3 Rac8 17. Qb1 Bf6 18. Ne4 Nxe4 19. Qxe4 Qb5 20. Bd4 Rxc1 21. Rxc1 Qxb3 22. g4 Qxa3 23. Ra1 Nc3 24. Rxa3 Nxe4 25. Rxa7 Nd6 26. f4 Nb5 27. Rxb7 Nxd4 28. exd4 Rxd4 29. Nd7 Bd8 30. Kg2 g5 31. Ne5 gxf4 32. Nxf7 Bh4 33. Kf3 Kg7 34. Nd8+ Kf6 35. Rf7+ Kg6 36. Rg7+ Kf6 37. Rf7+ Kg6 38. Rg7+ Kh6 39. Nxe6 Rd6 40. g5+ Bxg5 41. Rxg5 Rxe6 42. Kxf4 Re2 43. h4 Rh2 44. Kg3 Rh1 45. Ra5 Rg1+ 46. Kh3 Rg6 47. Rb5 Ra6 48. Rc5 Kg6 49. h5+ Kf6 50. Kg3 Ra4 51. Rb5 h6 52. Rc5 Ra7 53. Kh4 Ra4+ 1/2-1/2

[Event "Ilichevsk Sunny Pawn op"]
[Site "Ilichevsk"]
[Date "2007.07.24"]
[Round "5"]
[White "Akulov, Leonid"]
[Black "Belko, Irina"]
[Result "0-1"]
[WhiteElo "2194"]
[BlackElo "2065"]
[PlyCount "52"]
[EventDate "2007.07.20"]
[EventType "swiss"]
[EventRounds "11"]
[EventCountry "UKR"]
[SourceTitle "CBM 119 Extra"]
[Source "ChessBase"]
[SourceDate "2007.09.04"]
[SourceVersion "1"]
[SourceVersionDate "2007.09.04"]
[SourceQuality "1"]

1. d4 d5 2. c4 e6 3. Nc3 Nf6 4. Bg5 Be7 5. e3 b6 6. cxd5 Nxd5 7. Bb5+ c6 8. Bxe7 Qxe7 9. Nxd5 exd5 10. Be2 0-0 11. Bf3 Be6 12. Ne2 Nd7 13. Qa4 c5 14. dxc5 bxc5 15. 0-0 Ne5 16. Nf4 Nxf3+ 17. gxf3 Rac8 18. Rfc1 Qf6 19. Qd1 Qxb2 20. Nxd5 Bxd5 21. Qxd5 Rfd8 22. Qf5 c4 23. Rab1 Qxa2 24. Rb7 c3 25. Rc2 g6 26. Qxc8 Qa1+ 0-1

[Event "Rewal op 11th"]
[Site "Rewal"]
[Date "2006.08.27"]
[Round "9"]
[White "Dragun, Kamil"]
[Black "Belko, Irina"]
[Result "0-1"]
[WhiteElo "1976"]
[BlackElo "2101"]
[PlyCount "70"]
[EventDate "2006.08.21"]
[EventType "swiss"]
[EventRounds "11"]
[EventCountry "POL"]
[SourceTitle "EXT 2010"]
[Source "ChessBase"]
[SourceDate "2010.11.25"]
[SourceVersion "1"]
[SourceVersionDate "2010.11.25"]
[SourceQuality "1"]

1. e4 d5 2. exd5 Qxd5 3. Nc3 Qa5 4. d4 Nf6 5. Be2 Bf5 6. Nf3 e6 7. 0-0 c6 8. Bf4 Nbd7 9. a3 Be7 10. b4 Qd8 11. Bg3 a5 12. Rb1 axb4 13. axb4 0-0 14. Rb3 h6 15. Ne5 Nb6 16. Bf3 Nbd5 17. Nxd5 cxd5 18. c4 dxc4 19. Nxc4 Be4 20. Be5 Bxf3 21. Qxf3 Qd5 22. Qd3 Qb5 23. Ne3 Qxd3 24. Rxd3 Ra4 25. b5 Rb4 26. d5 Rxb5 27. d6 Bd8 28. Bg3 Bb6 29. h3 Ne4 30. Nc4 Nxg3 31. Rxg3 Bd4 32. Rc1 Rc5 33. Rc2 Rfc8 34. d7 Rd8 35. Rb3 Rxd7 0-1

[Event "Rewal op 11th"]
[Site "Rewal"]
[Date "2006.08.26"]
[Round "8"]
[White "Belko, Irina"]
[Black "Andrejczuk, Beata"]
[Result "0-1"]
[WhiteElo "2101"]
[BlackElo "2146"]
[PlyCount "74"]
[EventDate "2006.08.21"]
[EventType "swiss"]
[EventRounds "11"]
[EventCountry "POL"]
[SourceTitle "EXT 2010"]
[Source "ChessBase"]
[SourceDate "2010.11.25"]
[SourceVersion "1"]
[SourceVersionDate "2010.11.25"]
[SourceQuality "1"]

1. d4 Nf6 2. Nf3 c5 3. e3 cxd4 4. exd4 d6 5. Bd3 g6 6. 0-0 Bg7 7. c3 0-0 8. Bg5 Be6 9. Nbd2 Nbd7 10. h3 Rc8 11. Nh2 Qa5 12. Bh4 Rfe8 13. f4 Bh6 14. Nb3 Qc7 15. f5 Bc4 16. Bxc4 Qxc4 17. Ng4 Nxg4 18. Qxg4 Nb6 19. Rae1 Nd5 20. fxg6 hxg6 21. Qf3 f6 22. Qe4 Kg7 23. g4 Rh8 24. g5 fxg5 25. Nd2 Qc6 26. Bg3 Rce8 27. Qe6 Nf4 28. Bxf4 gxf4 29. Nf3 Rhf8 30. Kh2 Rf6 31. Qg4 Qb5 32. Rf2 e5 33. dxe5 dxe5 34. Rfe2 e4 35. Nd4 Qd5 36. Nb3 e3 37. Rg2 f3 0-1

[Event "Rewal op 11th"]
[Site "Rewal"]
[Date "2006.08.24"]
[Round "5"]
[White "Belko, Irina"]
[Black "Grychtol, Karol"]
[Result "0-1"]
[WhiteElo "2101"]
[BlackElo "1847"]
[PlyCount "94"]
[EventDate "2006.08.21"]
[EventType "swiss"]
[EventRounds "11"]
[EventCountry "POL"]
[SourceTitle "EXT 2010"]
[Source "ChessBase"]
[SourceDate "2010.11.25"]
[SourceVersion "1"]
[SourceVersionDate "2010.11.25"]
[SourceQuality "1"]

1. d4 Nf6 2. Nf3 d5 3. e3 Bf5 4. Bd3 Bg6 5. Ne5 e6 6. Bxg6 hxg6 7. Qd3 Bd6 8. Qb5+ Nbd7 9. Nxd7 Nxd7 10. Qxb7 Rb8 11. Qa6 g5 12. Qe2 f5 13. b3 g4 14. Ba3 g3 15. Bxd6 gxf2+ 16. Qxf2 cxd6 17. Nd2 Nf6 18. h3 g5 19. 0-0-0 Qc7 20. Kb1 Ke7 21. Rc1 Qc3 22. Qe1 g4 23. h4 a5 24. Nf1 Ne4 25. Qxc3 Nxc3+ 26. Kb2 Ne4 27. c4 Nf2 28. Nd2 Rhc8 29. Rhf1 Nd3+ 30. Kb1 Nxc1 31. Rxc1 dxc4 32. Rxc4 Rxc4 33. Nxc4 a4 34. Kb2 axb3 35. axb3 g3 36. Nd2 Rh8 37. Nf3 Kf6 38. b4 e5 39. dxe5+ dxe5 40. Kc3 e4 41. Ne1 Ke5 42. b5 Rc8+ 43. Kb3 Rc5 44. Nc2 Rxb5+ 45. Kc3 Rc5+ 46. Kd2 Rc8 47. Nd4 Rh8 0-1

[Event "Rewal op 11th"]
[Site "Rewal"]
[Date "2006.08.21"]
[Round "1"]
[White "Teterev, Vitaly"]
[Black "Belko, Irina"]
[Result "1-0"]
[WhiteElo "2518"]
[BlackElo "2101"]
[PlyCount "97"]
[EventDate "2006.08.21"]
[EventType "swiss"]
[EventRounds "11"]
[EventCountry "POL"]
[SourceTitle "EXT 2010"]
[Source "ChessBase"]
[SourceDate "2010.11.25"]
[SourceVersion "1"]
[SourceVersionDate "2010.11.25"]
[SourceQuality "1"]

1. c4 Nf6 2. g3 e6 3. Bg2 d5 4. Nf3 dxc4 5. Qa4+ Nbd7 6. Qxc4 a6 7. 0-0 b5 8. Qc2 Bb7 9. a4 c5 10. d4 Rc8 11. axb5 axb5 12. Qb3 Qb6 13. Be3 Nd5 14. dxc5 Bxc5 15. Bxc5 Nxc5 16. Qd1 0-0 17. Nbd2 Rfd8 18. Qb1 h6 19. Rc1 Na4 20. Qa2 Rc7 21. Qa3 Rdc8 22. Rxc7 Qxc7 23. Qb3 Qb6 24. e4 Nc5 25. Qa3 Nf6 26. e5 Nd5 27. b4 Na6 28. Rb1 Nc3 29. Re1 Nd5 30. Rb1 Nc3 31. Rf1 Nd5 32. Ne4 Naxb4 33. Nd6 Rc3 34. Qb2 Rc2 35. Qb3 Rc3 36. Qb1 Bc6 37. Nd2 Qd4 38. Nf3 Qd3 39. Qa1 Ra3 40. Qd4 Nc2 41. Qh4 Ra4 42. Qd8+ Kh7 43. Nxf7 Ra8 44. Qh4 Kg8 45. Nd6 b4 46. Qg4 Bd7 47. Ne1 Nxe1 48. Rxe1 Ra2 49. Qh5 1-0

[Event "EU-ch U18 Girls"]
[Site "Budva"]
[Date "2003.09.13"]
[Round "1"]
[White "Meshcheriakova, Evgenia"]
[Black "Belko, Irina"]
[Result "1-0"]
[WhiteElo "2257"]
[BlackElo "2019"]
[PlyCount "133"]
[EventDate "2003.09.13"]
[EventType "swiss"]
[EventRounds "9"]
[EventCountry "YUG"]
[SourceTitle "CBM 096 Extra"]
[Source "ChessBase"]
[SourceDate "2003.10.22"]
[SourceVersion "2"]
[SourceVersionDate "2003.10.20"]
[SourceQuality "1"]

1. e4 e6 2. d4 d5 3. Nd2 c5 4. exd5 Qxd5 5. Ngf3 cxd4 6. Bc4 Qd6 7. Qe2 Nf6 8. Nb3 Nc6 9. Bg5 Be7 10. 0-0-0 a6 11. Nbxd4 Nxd4 12. Nxd4 Qc5 13. h4 Bd7 14. Nf3 Bb5 15. Ne5 0-0 16. Kb1 Bxc4 17. Nxc4 Rac8 18. Ne5 Rfd8 19. Rhe1 Qb6 20. Nd7 Qc7 21. Nxf6+ Bxf6 22. Bxf6 gxf6 23. g3 Rxd1+ 24. Rxd1 Rd8 25. Rxd8+ Qxd8 26. Qf3 Qd7 27. Kc1 Qe7 28. c3 Kg7 29. Kc2 Qd7 30. Qg4+ Kf8 31. b3 Qd5 32. Qf4 Kg7 33. c4 Qa5 34. Kb2 Qe1 35. Qd4 Qe2+ 36. Ka3 Qc2 37. Qb6 Qc1+ 38. Ka4 Qc2 39. a3 Qe4 40. Qc5 Qf3 41. b4 Qd1+ 42. Ka5 Qb3 43. Kb6 Qxa3 44. Kxb7 e5 45. Qb6 Qf3+ 46. Kxa6 Qa8+ 47. Kb5 Qe8+ 48. Kc5 Qe7+ 49. Kc6 Qe6+ 50. Kb5 Qe8+ 51. Qc6 Qb8+ 52. Kc5 Qa7+ 53. Qb6 Qe7+ 54. Kb5 Qe8+ 55. Qc6 Qb8+ 56. Ka4 Qa7+ 57. Kb3 Qxf2 58. b5 Qd4 59. b6 Qd3+ 60. Ka4 e4 61. b7 Qc2+ 62. Ka5 Qc3+ 63. Ka6 Qa1+ 64. Kb6 e3 65. b8Q e2 66. Qf4 Qb1+ 67. Kc7 1-0

[Event "Serpukhov-I"]
[Site "Serpukhov"]
[Date "2003.??.??"]
[Round "8"]
[White "Belko, Irina"]
[Black "Agapov, Sergey"]
[Result "0-1"]
[WhiteElo "1970"]
[BlackElo "2232"]
[PlyCount "66"]
[EventDate "2003.??.??"]
[EventType "tourn"]
[EventRounds "13"]
[EventCountry "RUS"]
[SourceTitle "EXT 2005"]
[Source "ChessBase"]
[SourceDate "2004.11.15"]
[SourceVersion "1"]
[SourceVersionDate "2004.11.15"]
[SourceQuality "1"]

1. d4 Nf6 2. Nf3 g6 3. Nc3 d5 4. Bf4 Bg7 5. e3 0-0 6. Be2 c6 7. Ne5 Nfd7 8. h4 f6 9. Nxd7 Nxd7 10. Qd2 e5 11. Bh2 b5 12. h5 Nb6 13. hxg6 hxg6 14. b3 b4 15. Nd1 Qe7 16. 0-0 Bd7 17. Nb2 c5 18. dxc5 Qxc5 19. Nd3 Qc3 20. Qxc3 bxc3 21. Nc5 Bc8 22. Rfd1 Rd8 23. Ne4 Bf5 24. Nxc3 Rac8 25. Na4 Nxa4 26. bxa4 Bxc2 27. Rd2 Bxa4 28. Bf3 Rc5 29. Rb1 Rd7 30. Bg3 Kf7 31. Rb8 f5 32. Bh4 Rc1+ 33. Kh2 e4 0-1

[Event "Serpukhov-I"]
[Site "Serpukhov"]
[Date "2003.??.??"]
[Round "13"]
[White "Belko, Irina"]
[Black "Kazarina, Yulia"]
[Result "1-0"]
[WhiteElo "1970"]
[BlackElo "2183"]
[PlyCount "49"]
[EventDate "2003.??.??"]
[EventType "tourn"]
[EventRounds "13"]
[EventCountry "RUS"]
[SourceTitle "EXT 2005"]
[Source "ChessBase"]
[SourceDate "2004.11.15"]
[SourceVersion "1"]
[SourceVersionDate "2004.11.15"]
[SourceQuality "1"]

1. d4 d5 2. Nf3 e6 3. e3 Nf6 4. Bd3 Nbd7 5. b3 c6 6. Bb2 Be7 7. 0-0 0-0 8. Nbd2 Qc7 9. Ne5 Re8 10. f4 Nf8 11. g4 N6d7 12. g5 Nxe5 13. dxe5 Bc5 14. Rf3 Qb6 15. Kf2 Ng6 16. Ke2 Nh4 17. Rh3 Ng2 18. Nf1 d4 19. Bxh7+ Kf8 20. Be4 Nxe3 21. Nxe3 dxe3 22. g6 fxg6 23. Qg1 Ke7 24. Rd1 Rg8 25. Qg5+ 1-0

[Event "Serpukhov-I"]
[Site "Serpukhov"]
[Date "2003.??.??"]
[Round "6"]
[White "Belko, Irina"]
[Black "Mozaliov, Sergey V"]
[Result "1/2-1/2"]
[WhiteElo "1970"]
[BlackElo "2386"]
[PlyCount "61"]
[EventDate "2003.??.??"]
[EventType "tourn"]
[EventRounds "13"]
[EventCountry "RUS"]
[SourceTitle "EXT 2005"]
[Source "ChessBase"]
[SourceDate "2004.11.15"]
[SourceVersion "1"]
[SourceVersionDate "2004.11.15"]
[SourceQuality "1"]

1. d4 d5 2. Nf3 c6 3. e3 Bf5 4. Bd3 Bxd3 5. Qxd3 Nf6 6. 0-0 e6 7. b3 Nbd7 8. Bb2 Be7 9. Nbd2 0-0 10. Ne5 Nxe5 11. dxe5 Nd7 12. e4 Nc5 13. Qe2 Nxe4 14. Nxe4 dxe4 15. Qxe4 Qa5 16. a3 Rad8 17. Rad1 Qc7 18. Qe2 Rd5 19. c4 Rxd1 20. Rxd1 Rd8 21. Rd3 g6 22. Qd1 Rxd3 23. Qxd3 a5 24. g3 h5 25. h4 Kf8 26. Kg2 Ke8 27. a4 Bc5 28. Bc3 Qb6 29. Be1 Qc7 30. Qd2 Qd7 31. f4 1/2-1/2

[Event "Serpukhov-I"]
[Site "Serpukhov"]
[Date "2003.??.??"]
[Round "2"]
[White "Belko, Irina"]
[Black "Toropov, Maksim Olegovich"]
[Result "1-0"]
[WhiteElo "1970"]
[BlackElo "2149"]
[PlyCount "57"]
[EventDate "2003.??.??"]
[EventType "tourn"]
[EventRounds "13"]
[EventCountry "RUS"]
[SourceTitle "EXT 2005"]
[Source "ChessBase"]
[SourceDate "2004.11.15"]
[SourceVersion "1"]
[SourceVersionDate "2004.11.15"]
[SourceQuality "1"]

1. d4 g6 2. e4 Bg7 3. Nf3 d6 4. Nc3 Nf6 5. Bf4 0-0 6. Qd2 c6 7. 0-0-0 b5 8. Bd3 b4 9. Ne2 a5 10. e5 dxe5 11. dxe5 Ng4 12. Qe1 Qb6 13. Bg3 a4 14. h3 Nh6 15. Bf4 b3 16. cxb3 axb3 17. a3 Rd8 18. g4 Qc5+ 19. Nc3 Kf8 20. Kb1 Be6 21. Ne4 Qa5 22. Qe3 Ng8 23. Nfg5 Bd5 24. Nxh7+ Ke8 25. Rhe1 Nd7 26. Nd6+ exd6 27. exd6+ Be6 28. Qxe6+ fxe6 29. Bxg6# 1-0

[Event "Serpukhov-I"]
[Site "Serpukhov"]
[Date "2003.??.??"]
[Round "7"]
[White "Timofeeva, Galina"]
[Black "Belko, Irina"]
[Result "1-0"]
[WhiteElo "2116"]
[BlackElo "1970"]
[PlyCount "87"]
[EventDate "2003.??.??"]
[EventType "tourn"]
[EventRounds "13"]
[EventCountry "RUS"]
[SourceTitle "EXT 2005"]
[Source "ChessBase"]
[SourceDate "2004.11.15"]
[SourceVersion "1"]
[SourceVersionDate "2004.11.15"]
[SourceQuality "1"]

1. e4 e6 2. d4 d5 3. Nd2 c5 4. exd5 Qxd5 5. Ngf3 cxd4 6. Bc4 Qd6 7. 0-0 Nf6 8. Nb3 Nc6 9. Nbxd4 Nxd4 10. Nxd4 Bd7 11. c3 Qc7 12. Bb5 0-0-0 13. Qa4 a6 14. Bxd7+ Rxd7 15. Bg5 Bd6 16. Nf3 h6 17. Bxf6 gxf6 18. Rad1 e5 19. Qg4 h5 20. Qf5 Rhd8 21. Rde1 Kb8 22. Qxh5 Rg8 23. Qf5 Re7 24. Re4 Rg6 25. Nh4 Rh6 26. Qf3 Re8 27. Nf5 Rg6 28. h4 Reg8 29. h5 Rg5 30. Rd1 Bc5 31. b4 Bb6 32. c4 Ba7 33. c5 Rh8 34. h6 Ka8 35. Rh4 Bb8 36. Rd6 Ka7 37. Rb6 Qd7 38. Nd6 Bxd6 39. Rxd6 Qa4 40. Rxf6 Qxa2 41. Rxf7 e4 42. Qf6 Rhg8 43. Qb6+ Ka8 44. Qxb7# 1-0

[Event "Serpukhov op"]
[Site "Serpukhov"]
[Date "2002.??.??"]
[Round "11"]
[White "Abrashkin, Boris Vladimirovich"]
[Black "Belko, Irina"]
[Result "1-0"]
[WhiteElo "2390"]
[BlackElo "1970"]
[PlyCount "51"]
[EventDate "2002.??.??"]
[EventType "swiss"]
[EventRounds "15"]
[EventCountry "RUS"]
[SourceTitle "EXT 2007"]
[Source "ChessBase"]
[SourceDate "2006.11.23"]
[SourceVersion "1"]
[SourceVersionDate "2006.11.23"]
[SourceQuality "1"]

1. d4 d5 2. c4 e6 3. Nc3 Be7 4. Nf3 Nf6 5. Bg5 0-0 6. e3 b6 7. Ne5 Bb7 8. Qa4 dxc4 9. Bxc4 Nfd7 10. h4 Nxe5 11. Bxe7 Qxe7 12. dxe5 Nd7 13. f4 Nc5 14. Qc2 Rfd8 15. b4 Nd7 16. a3 c5 17. b5 Nf8 18. Ne4 Rd7 19. Nd6 Rad8 20. h5 f6 21. Rd1 Ba8 22. 0-0 fxe5 23. fxe5 Qg5 24. Qf2 h6 25. Nf7 Rxf7 26. Qxf7+ 1-0

[Event "Serpukhov op"]
[Site "Serpukhov"]
[Date "2002.??.??"]
[Round "4"]
[White "Kovpak, Anastasia"]
[Black "Belko, Irina"]
[Result "0-1"]
[WhiteElo "2113"]
[BlackElo "1970"]
[PlyCount "98"]
[EventDate "2002.??.??"]
[EventType "swiss"]
[EventRounds "15"]
[EventCountry "RUS"]
[SourceTitle "EXT 2007"]
[Source "ChessBase"]
[SourceDate "2006.11.23"]
[SourceVersion "1"]
[SourceVersionDate "2006.11.23"]
[SourceQuality "1"]

1. e4 e6 2. d4 d5 3. Nd2 c5 4. c3 Nc6 5. exd5 Qxd5 6. Ndf3 cxd4 7. Nxd4 Nxd4 8. Qxd4 Qxd4 9. cxd4 Bb4+ 10. Bd2 Bxd2+ 11. Kxd2 Bd7 12. Nf3 0-0-0 13. Ne5 Be8 14. Kc3 Ne7 15. Rd1 f6 16. Nf3 Nd5+ 17. Kb3 Nb6 18. Kc2 Bc6 19. Be2 Rd6 20. b3 Rhd8 21. Rhe1 Nd5 22. g3 Ne7 23. Kc3 Nf5 24. g4 Bxf3 25. gxf5 Bxe2 26. Rxe2 exf5 27. Re7 R6d7 28. Re2 Kc7 29. Re6 Rd6 30. Re7+ R8d7 31. Re8 g5 32. Rd3 g4 33. Rd2 Rg7 34. Rd3 Rg6 35. Re7+ Rd7 36. Re6 Rh6 37. Rd2 Rf7 38. f3 Rh3 39. Re3 f4 40. Red3 g3 41. hxg3 fxg3 42. f4 h5 43. d5 Rg7 44. Rg2 h4 45. Kd4 Rh1 46. Ke4 h3 47. Rgxg3 Rxg3 48. Rxg3 h2 49. Kf5 Rg1 0-1